| 000 | 00453nam a2200181Ia 4500 | ||
|---|---|---|---|
| 008 | 121005t2005 xxu||||| |||| 00| 0 sin d | ||
| 041 | _asin | ||
| 080 |
_a8-3 (Youth) _bSWI |
||
| 100 | _aSwift,Jonathan | ||
| 245 | _aගලිවරය | ||
| 246 | _aGaliwaraya | ||
| 260 |
_aGunasena _aColombo _c2005 |
||
| 300 | _b80p, ill, 18 cm | ||
| 700 |
_aDissanayaka,Hiyubath _etr. |
||
| 942 | _cBK | ||
| 999 |
_c43308 _d43308 |
||
| 003 | LK-CoDNM | ||
| 040 |
_aLK-CoDNM _dLK-CoDNM _eLK-CoDNM |
||